Top 10 miast w woj. Lubuskim - Statystyki

Ogólne statystyki
  • Ten quiz został rozwiązany 12 razy
  • Średni wynik to 6 z 10
Statystyki odpowiedzi
Populacja Nazwa % Poprawnych
2. - 115,847 Gorzów Wielkopolski
100%
1. - 139,132 Zielona Góra
100%
7. - 17,626 Kostrzyn nad Odrą
58%
8. - 16,924 Międzyrzecz
58%
6. - 20,921 Świebodzin
58%
3. - 36,183 Nowa Sól
50%
4. - 35,033 Żary
50%
9. - 16,236 Słubice
42%
5. - 23,596 Żagań
42%
10. - 15,684 Gubin
17%
Nie znaleziono quizów pasujących do podanych kryteriów
Rozkład punktacji
Procent ludzi z każdym wynikiem
Percentyl według liczby udzielonych odpowiedzi
Twoja historia wyników
Nie rozwiązałeś tego quizu